LEADER 01436nam a2200301 u 4500 001 000000051250 003 CaOOAMICUS 005 20070226115321.0 008 000912s1983 it u000 u ita u 035 $a10855280 040 $aMSA$bita$dPUL(R) 245 03$aLa teoria generale del diritto :$bproblemi e tendenze attuali : studi dedicati a Noberto Bobbio /$ca cura di Uberto Scarpelli. 260 $aMilano :$bEdizioni di Comunità,$cc1983. 300 $a444 p. ;$c23 cm 490 1 $aDiritto e cultura moderna ;$v26 490 1 $aBiblioteca di scienze umane 600 14$aBobbio, Norberto,$d1909-$0(OLS)http://pul/subject/18267 650 4$aDiritto$xTeorie.$0(OLS)http://pul/subject/14694 700 1 $aBobbio, Norberto,$d1909-2004.$0(OLS)http://pul/name/5645 700 1 $aScarpelli, Uberto,$d1924-1993.$0(OLS)http://pul/name/27074 830 0$aDiritto e cultura moderna ;$v26.$0(OLS)http://pul/title/52788 830 0$aBiblioteca di scienze umane.$0(OLS)http://pul/title/68890 850 $aPUL 852 $aPUL$W1$xSL Diritto e Scienze Sociali 1$y4$m237 C 64$j67900$nBK-PRI$b $qStampati$B67900$CPULBib$Z2$F67900 $H $81 941 1 $a8 961 $aINV: 52215 996 $6245$aLa teoria generale del diritto :$bproblemi e tendenze attuali : studi dedicati a Noberto Bobbio$9(OLS)http://pul/title/68889 996 $6260$aMilano :$bEdizioni di Comunità$9(OLS)http://pul/publisher/48252 LEADER 01201nam a2200289 u 4500 001 000000085987 003 CaOOAMICUS 005 20070226124239.0 008 050926s2005 gw u000 u ger u 020 $a3-7772-0512-5 035 $a11059700 040 $aIME$bita 100 1 $aMentgen, Gerd.$0(OLS)http://pul/name/56318 245 10$aAstrologie und Offentlichkeit im Mittelalter : /$cvon Gerd Mentgen. 260 $aStuttgart :$bHiersemann,$c2005. 300 $a358 p. ;$c24 cm 490 1 $aMonographien zur Geschichte des Mittelalters ;$v53. 500 $aIndice: p. 339-358. 504 $aBibliografia: p. 285-338. 650 4$aAstrologia$yEvo medio.$0(OLS)http://pul/subject/28790 830 0$aMonographien zur Geschichte des Mittelalters ;$v53.$0(OLS)http://pul/title/431 850 $aPUL 852 $aPUL$W1$xSL Filosofia 1$y2$m104 H 53$j109206$nBK-PRI$b $qStampati$B109206$CPULBib$Z2$F109206 $HPUL99712 $81 941 1 $a8 996 $6020$a3-7772-0512-5$9(OLS)http://pul/number/113611 996 $6245$aAstrologie und Offentlichkeit im Mittelalter :$9(OLS)http://pul/title/111469 996 $6260$aStuttgart :$bHiersemann$9(OLS)http://pul/publisher/48047